000 00702nam a2200229Ia 4500
003 GCL
008 140319s9999 xx 000 0 ara d
040 _aGCL /
_cGCL
082 0 4 _a615.845
_bك ص
100 1 _aMOHAMMAD OUSSAMA MARASHI
245 1 0 _aصيدلية المنزل :
_bالغذاء والدواء /
_cMOHAMMAD OUSSAMA MARASHI
250 _aالاولى
260 _aبيروت :
_bدار الخيال ،
_c2003
300 _a255 ص ؛
_c32 سم
490 _aمكتبة الماكروبيوتك
_v0
650 0 4 _aالتغذية
650 0 4 _aالفيتامينات
650 0 4 _aالاغذية
650 0 4 _aالطهى
650 0 4 _aالاغذية - رقابة
942 _2ddc
_cBK
999 _c6186
_d6186